000 00571nam a22002055i 4500
001 174103
003 ES-MaACL
005 20251120063149.0
008 100217s2010 sp |||| | spa d
020 _a978-84-321-3771-6
080 _a821.134.2-14"20"
100 1 _aMartín, Rubén,
_d1980-
_9142184
245 1 3 _aEl minuto interior /
_cRubén Martín.
260 _aMadrid :
_bRialp,
_c[2010]
300 _a66 p. ;
_c17 cm.
490 1 _aAdonáis ;
_v615
830 0 0 _aAdonáis
_v615
_9173743
852 _aES-MaACL
_jJ-23-615
999 _c174103
_d174103